| 000 | 01314cad a22002295a 4500 | ||
|---|---|---|---|
| 001 | L153066 | ||
| 008 | 110602s2010 xxk g 000 0 eng d | ||
| 035 | _a(Sirsi) u153066 | ||
| 041 | 0 | _aeng | |
| 110 | 2 |
_aRichards Partington Architects _95858 |
|
| 110 | 2 |
_aConcrete Centre _95831 |
|
| 245 | 0 | 0 |
_aInsulating concrete formwork (ICF) _h[electronic resource] |
| 260 |
_a[S.l.] _bNBS _c2010 |
||
| 520 | _aA guide with a chart for designers and builders who are familiar with the new Fabric Energy Efficiency Standard and now want to work up well-insulated and airtight solutions in ICF that anticipate the new requirements. It is concerned with the fabric of homes as defined in the new Standard and does not deal with energy supply, heating or mechanical ventilation. Thermal performance, thermal bridging, thermal bypass, airtightness, sequencing, ICF systems, construction issues. | ||
| 590 | _aKA | ||
| 651 | 4 |
_aUnited Kingdom _y |
|
| 690 | _aBUILT ENVIRONMENT-SUSTAINABLE CONSTRUCTION | ||
| 690 | _aBUILT ENVIRONMENT-BUILDING MATERIALS-CEMENTITIOUS, CONCRETE AND MINERAL BOUND MATERIALS-CONCRETE | ||
| 690 | _aBUILDING AND CONSTRUCTION-ENERGY MANAGEMENT | ||
| 856 | 4 | 0 |
_uhttps://www.concretecentre.com/pdf/PublicationLibrary/ICF.pdf _zView the item free of charge at www.concretecentre.com |
| 942 | _n0 | ||
| 999 |
_c112354 _d112354 |
||